000 00651nam a2200241 a 4500
001 2897098
005 20180110082551.0
008 870921s1987 dcu b 000 0 eng
010 _a 87043107
020 _a0309037859 (pbk.)
040 _aDLC
_cDLC
_dDLC
041 _aeng
043 _an-us---
080 _a370.152 RES
082 0 0 _a370.152 RES
_220
100 1 _a46
101 _aEDU
245 1 0 _aEducation and learning to think /
_cLauren B. Resnick.
504 _aBibliography: p. 51-57.
906 _a7
_bcbc
_corignew
_d3
_eocip
_f19
_gy-gencatlg
942 _2ddc
_cBK
999 _c40036
_d40036